| 000 | 00928nam a2200277Ia 4500 | ||
|---|---|---|---|
| 003 | OSt | ||
| 005 | 20221005043826.0 | ||
| 006 | a|||||r|||| 00| 0 | ||
| 007 | ta | ||
| 008 | 221004b |||||||| |||| 00| 0 eng d | ||
| 020 |
_a075463762X _c3889.10 |
||
| 024 | _a84866 | ||
| 037 |
_b1039, 24/03/2006, Knowledge World _cTextual |
||
| 040 |
_aCRL _cCRL _beng |
||
| 041 |
_2eng _aeng |
||
| 082 | _aV2:1944Q7.P1, P5 | ||
| 100 |
_aKanishkan Sathasivam _9591936 |
||
| 245 | 0 |
_aUneasy neighbors _b India, Pakistan and U. S. foreign policy |
|
| 260 |
_aHampshire _bAshgate Publishing Limited U. K. _c2005 |
||
| 300 |
_a195p. _ccm. |
||
| 490 | _aU. S. foreign policy and conflict in the Islamic World | ||
| 650 | _a INDIA - HISTORY | ||
| 650 |
_aINDIA - FOREIGN RELATIONS _928675 |
||
| 942 |
_hV2:1944Q7.P1, P5 _cTEXL _2cc |
||
| 999 |
_c952451 _d952451 |
||